Uladislao Gamez Solano. Humanismo y educación

Guardat en:
Dades bibliogràfiques
Autor principal: Retana Padilla, Carlos
Format: Llibre
Idioma:Undetermined
Publicat: San José, Costa Rica Universidad de Costa Rica, Escuela de Filosofía 1973
Matèries:
Etiquetes: Afegir etiqueta
Sense etiquetes, Sigues el primer a etiquetar aquest registre!

MARC

LEADER 00000nam a2200000Ia 4500
008 170316s9999 xx 000 0 und d
999 |c 13896  |d 13896 
040 |a cru BVZT 
090 |a Tesis 277 
100 |a Retana Padilla, Carlos 
245 |a Uladislao Gamez Solano. Humanismo y educación 
260 |a San José, Costa Rica  |b Universidad de Costa Rica, Escuela de Filosofía  |c 1973 
300 |a 117 páginas 
650 |a LICENCIATURA EN FILOSOFÍA 
650 |a TRABAJO FINAL DE GRADUACIÓN  |9 237 
942 |c TFG  |h Tesis 277  |2 z